Le ciel en images - Statistiques

Statistiques générales
  • Ce quiz a été pris 98 fois
  • Le résultat moyen est 12 sur 15
Statistiques - réponses
Par images Hint Réponse % Correct
Couleur du ciel le jour Bleue
100%
Photométéore Arc-en-Ciel
97%
Corps céleste plasmatique Étoile
97%
Couleur du ciel la nuit Noire
97%
Satellite Lune
94%
Masse visible constituée initialement d'une grande quantité de gouttelettes d'eau Nuage
93%
Astre Soleil
93%
Phénomène Aurore boréale/Aurore polaire
90%
Occultation d'une source de lumière par un objet physique Éclipse
90%
Spectacle pyrotechnique Feu d'artifice
90%
Engin Montgolfière
84%
Animal que l'on apperçoit souvent apparaître dans le ciel Oiseau
83%
Période de la journée entre le coucher du soleil et la nuit Crépuscule
67%
Petit corps céleste pouvant être visible depuis la Terre Comète
56%
Nom des traces blanches se formant par les avions Traînées de condensation
14%
Aucun quiz correspondant
Distribution des résultats
% des personnes avec chaque résultat
Percentile par nombre de réponses
Votre historique - résultats
Vous n’avez pas pris ce quiz